[Event "FIDE World Cup 2017"]
[Site "Tbilisi"]
[Date "2017.09.03"]
[Round "1.1"]
[White "Carlsen, Magnus"]
[Black "Balogun, Oluwafemi"]
[Result "1-0"]
[WhiteElo "2827"]
[BlackElo "2255"]
[Annotator "TA"]
[PlyCount "77"]
[EventDate "2017.??.??"]
[EventType "k.o."]
[EventCountry "GEO"]
[SourceTitle "playchess.com"]
[Source "ChessBase"]
[SourceQuality "1"]

{[%evp 9,77,34,28,16,19,13,17,18,18,16,31,0,27,44,29,11,14,18,14,0,0,0,0,0,51,20,42,50,39,33,37,11,71,41,50,39,52,10,47,60,48,43,79,48,41,36,38,29,42,0,0,0,0,0,79,112,156,139,166,160,169,168,261,264,291,306,585,594,700,696]} 1. e4 d6 2. d4 g6 3. Bc4 Nf6 4. Qe2 Nc6 5. Nf3 Bg7 6. O-O {B06: Modern Defence} Bg4 7. c3 O-O 8. h3 {The position is equal.} Bxf3 $1 9. Qxf3 e5 10. Rd1 Qe8 (10... Nd7 11. Be3 Qe7 12. Na3 Nb6 13. Bb5 f5 14. Bxc6 bxc6 15. exf5 e4 16. f6 Rxf6 {0-1 (61) Bacrot,E (2718)-Ponomariov,R (2714) Beijing 2014}) 11. d5 Ne7 12. Qe2 $146 ({Predecessor:} 12. g4 Nd7 13. Qg2 f5 14. Nd2 Nf6 {0-1 (42) Johansson-Timman,J Stockholm 1972}) 12... Nh5 13. Bb5 {[%cal Bc4b5,Bb5a4,Ba4c2][%mdl 32]} Qc8 14. Na3 a6 15. Ba4 f5 16. Bc2 f4 (16... fxe4 $11 17. Bxe4 Qd7) 17. Qg4 Qxg4 18. hxg4 Nf6 19. g5 Nd7 20. Nc4 b6 (20... h6 $11) 21. b4 h6 22. gxh6 Bxh6 {[%cal Bg7h6,Bh6g5,Bg5h4,Bh4g3][%mdl 32]} 23. g4 Nf6 24. f3 $1 Bg5 25. Kg2 Kg7 26. a4 Bh4 27. Bd2 g5 28. Rh1 Ng6 29. Kf1 Rh8 30. Ke2 Bg3 $1 31. a5 b5 (31... bxa5 $1 $11 32. Nxa5 Rh4) 32. Na3 $16 Ne7 33. c4 $36 {[%mdl 2048] White is really pushing.} c6 34. dxc6 Nxc6 {[#]} 35. Bc3 $1 ({And not} 35. cxb5 Nd4+ 36. Kd3 Rhd8 $17) 35... Rxh1 (35... Na7 $142 36. cxb5 Rhc8) 36. Rxh1 $18 bxc4 37. Nxc4 Rb8 $2 (37... Ne8 38. Rd1 Nc7) 38. Nxd6 Kg6 39. Nf5 {Precision: White = 58%, Black = 54%.} 1-0

[Event "FIDE World Cup 2017"]
[Site "Tbilisi"]
[Date "2017.09.03"]
[Round "1.1"]
[White "Aronian, Levon"]
[Black "Cawdery, Daniel"]
[Result "1-0"]
[WhiteElo "2802"]
[BlackElo "2449"]
[Annotator "TA"]
[PlyCount "77"]
[EventDate "2017.??.??"]
[EventType "k.o."]
[EventCountry "GEO"]
[SourceTitle "playchess.com"]
[Source "ChessBase"]
[SourceQuality "1"]

{[%evp 18,77,27,20,51,35,27,31,33,13,48,39,45,31,61,53,70,70,70,33,22,35,34,28,51,14,15,7,34,39,67,0,46,45,30,29,22,32,25,0,0,0,0,0,0,0,0,0,50,64,66,5,8,-18,382,372,372,374,408,349,383,325]} 1. c4 Nf6 2. Nc3 d5 3. cxd5 Nxd5 4. g3 g6 5. Bg2 Nb6 6. d3 Bg7 7. Be3 Nc6 8. Bxc6+ bxc6 9. Qd2 {A16: English Opening: 1...Nf6 with ...d5} h6 10. Rc1 {LiveBook: 7 Games} Be6 11. Nf3 $146 {White is slightly better.} ({Predecessor:} 11. h4 Nd5 12. Nf3 Nxe3 13. Qxe3 O-O 14. O-O Qd6 15. Ne4 Qb4 16. b3 Bd5 {1-0 (41) Jones,G (2648)-Bulski,K (2538) Warsaw 2013}) 11... Bh3 12. Rg1 Bg4 13. Nh4 Nd5 14. Na4 Nxe3 15. fxe3 O-O 16. b3 Qd6 17. Qc2 Rad8 18. Qc5 Qe6 {[#] And now ...Bd4! would win.} 19. Ng2 $1 g5 20. Qxc6 Qe5 21. Qc3 Qd6 (21... Qf5 $5 {[%cal Rg7c3]} 22. Qd2 Qg6 $11) 22. Qc4 Be6 23. Qc5 Qa6 24. Qb4 ({Better is} 24. Rf1 $14) 24... Rb8 25. Qd2 Qd6 26. Nc5 Bd5 27. Qc2 f5 28. Kf2 Kh8 29. Rgf1 f4 $36 {[%mdl 2048] Black has the initiative.} 30. gxf4 gxf4 31. e4 f3 32. exf3 Qxh2 33. Ke1 Bd4 34. Qd2 ({White should try} 34. Nd7 $14 Qg3+ 35. Kd1 Rxf3 36. Rxf3 Qxf3+ 37. Qe2 Qxe2+ 38. Kxe2) 34... Bg8 35. Nd7 {[#] aiming for Ne3.} (35. Ne3 $5 {[%cal Rd2h2]} Qd6 36. Na4 $11) 35... Rbd8 $2 {[%mdl 8192]} (35... Qg3+ $11 36. Kd1 Rxf3 37. Rxf3 Qxf3+ 38. Qe2 Qxe2+ 39. Kxe2 Rd8 40. Rxc7 Be6) 36. Nxf8 $18 Rxf8 37. Rc6 Kh7 38. Kd1 Bf7 39. Nf4 {Precision: White = 60%, Black = 49%.} 1-0

[Event "FIDE World Cup 2017"]
[Site "Tbilisi"]
[Date "2017.09.03"]
[Round "1.1"]
[White "Caruana, Fabiano"]
[Black "Solomon, Kenny"]
[Result "1-0"]
[WhiteElo "2799"]
[BlackElo "2398"]
[Annotator "TA"]
[PlyCount "83"]
[EventDate "2017.??.??"]
[EventType "k.o."]
[EventCountry "GEO"]
[SourceTitle "playchess.com"]
[Source "ChessBase"]
[SourceQuality "1"]

{[%evp 26,83,39,42,41,54,47,25,30,0,0,-2,12,0,13,-10,70,32,54,54,55,36,55,43,61,49,45,35,81,41,66,54,77,41,161,133,132,124,153,118,199,187,178,186,220,219,238,243,233,238,421,416,390,356,386,427,402,378,933,921]} 1. e4 e5 2. Nf3 Nc6 3. Bb5 a6 4. Ba4 Nf6 5. d3 d6 6. c3 Be7 7. O-O O-O 8. Re1 b5 9. Bc2 Bb7 {C84: Closed Ruy Lopez: Unusual White 6th moves} 10. Nbd2 {[%cal Bb1d2,Bd2f1,Bf1e3][%mdl 32]} Re8 11. Nf1 Bf8 12. Bg5 h6 13. Bh4 g6 14. Ne3 {LiveBook: 3 Games} Bg7 15. a4 Qd7 16. b4 {[#]} Nh5 $146 ({Predecessor:} 16... Nd8) 17. Bb3 Nf4 18. Bg3 Nh5 19. Bh4 Nf4 20. h3 Kh8 (20... Nd8 $11) 21. Bg3 Nh5 22. Bh2 Nf6 23. Qd2 Rab8 24. Rec1 Rf8 25. axb5 axb5 26. c4 bxc4 27. Rxc4 Ne7 28. Qc2 c6 29. Ra5 Nh5 (29... Qd8 $14) 30. d4 $1 $36 {[%cal Rd4e5][%mdl 2048] White is in control.} exd4 31. Nxd4 Ra8 32. Nf3 Ba6 (32... Nf6 $16 33. Rd4 d5) 33. g4 $1 Nf6 34. Rd4 Ne8 {[#]} 35. Rd2 $1 Qb7 {[#]} 36. e5 $1 {[%cal Re5d6]} d5 37. Qc5 Rb8 $2 {[#]} (37... Qa7 {was called for.} 38. Nd4 Qxc5 39. Rxc5 Bb7) 38. e6 $1 {[%mdl 512]} Ra8 (38... fxe6 39. Bxb8) 39. exf7 Nf6 {White must now prevent ...Ne4.} 40. Bc2 Rxf7 41. Ne5 $1 {[%csl LRf7,LRg6]} Rff8 $2 {[#]} (41... Kg8 42. Nxf7 Kxf7) 42. Qxe7 $1 {[%mdl 512] Precision: White = 56%, Black = 35%.} 1-0

[Event "FIDE World Cup 2017"]
[Site "Tbilisi"]
[Date "2017.09.03"]
[Round "1.1"]
[White "Grischuk, Alexander"]
[Black "El Gindy, Essam"]
[Result "1-0"]
[WhiteElo "2788"]
[BlackElo "2455"]
[Annotator "TA"]
[PlyCount "93"]
[EventDate "2017.??.??"]
[EventType "k.o."]
[EventCountry "GEO"]
[SourceTitle "playchess.com"]
[Source "ChessBase"]
[SourceQuality "1"]

{[%evp 12,93,0,2,18,20,8,14,12,14,8,13,14,6,33,0,28,34,47,35,37,25,35,8,13,3,20,12,26,4,0,2,67,66,68,66,62,49,91,51,95,81,87,82,81,80,82,78,83,60,104,97,83,74,128,80,83,82,139,143,142,107,165,155,155,39,27,0,51,0,33,39,35,21,27,21,39,43,65,64,224,225,29996,29997]} 1. e4 e5 2. Bc4 Nf6 3. d3 c6 4. Nf3 d5 5. Bb3 Bd6 6. Nc3 d4 7. Ne2 O-O {C24: Bishop's Opening: 2...Nf6} (7... Na6 8. a3 Nc5 9. Ba2 Be6 10. O-O Bxa2 11. Rxa2 Ne6 12. a4 O-O 13. h3 Nh5 14. Nd2 Bc7 15. Nb3 {0-1 (58) Guerra Mendez,J (2542)-Cuartas,J (2482) Barcelona 2017}) 8. O-O c5 9. Ng3 Nc6 {The position is equal.} 10. Nh4 g6 11. Bg5 Be7 12. Nf3 {And now Bh6 would win.} Kg7 13. h3 (13. Qc1 $5 {[%cal Rg5h6]}) 13... Ng8 14. Bd2 h6 $146 ({Predecessor:} 14... Be6 15. Ba4 Qc7 16. Bxc6 bxc6 17. b3 h6 18. Qe2 Rae8 19. Rae1 Bc8 20. Qd1 Kh7 {½-½ (20) Tamai,R-Bellia,F (2320) Rome 1990}) 15. c3 Bd6 16. Rc1 Bd7 17. cxd4 cxd4 18. a3 Qe7 19. Nh2 $36 {[%mdl 2048] White has some pressure.} Rac8 20. Bc4 Rc7 21. Ne2 (21. Ba2 {looks sharper.} Nf6 22. Ne2 Nh5 23. b4 a6 24. Bb3) 21... Be6 ({Better is} 21... Nf6 $11) 22. Bxe6 $14 fxe6 23. Ng4 h5 24. Nh2 Qh4 25. Be1 Rcf7 26. Kh1 Qd8 27. Ng1 Nf6 28. b4 a6 29. Bd2 Nh7 30. Qe2 Be7 31. Ngf3 Bd6 32. h4 Rc7 (32... Rg8 $142) 33. Ng5 Nxg5 34. Bxg5 Be7 (34... Qe8 $142) 35. Nf3 $16 Qd6 36. g3 Bxg5 (36... Bd8 $16) 37. Nxg5 $18 Rfc8 38. Qd2 (38. Rg1 $16) 38... Nd8 $1 $14 39. Rxc7+ Qxc7 40. b5 ({White should try} 40. Qa2 $1 $14) 40... Qc2 (40... Qc3 $5 {[%cal Rc3d2]} 41. Qe2 axb5 $11) 41. Qb4 Qc5 $1 {[%cal Rc5b4] Black wants to play ...Qxb4.} 42. bxa6 Qxb4 43. axb4 {[#] Black must now prevent Ra1.} bxa6 44. Ra1 Nc6 45. Ra4 Kf6 $2 (45... Re8 $14) 46. Rxa6 $18 {Hoping for b5.} Nxb4 $2 {[#]} (46... Ke7 $18 47. b5 Nb4) 47. Ra7 $1 {Precision: White = 60%, Black = 43%.} ({Less strong is} 47. Rxe6+ Kg7 $14) 1-0

[Event "FIDE World Cup 2017"]
[Site "Tbilisi"]
[Date "2017.09.03"]
[Round "1.1"]
[White "Nakamura, Hikaru"]
[Black "Mollah Abdullah, Al Rakib"]
[Result "1-0"]
[WhiteElo "2781"]
[BlackElo "2454"]
[Annotator "TA"]
[PlyCount "77"]
[EventDate "2017.??.??"]
[EventType "k.o."]
[EventCountry "GEO"]
[SourceTitle "playchess.com"]
[Source "ChessBase"]
[SourceQuality "1"]

{[%evp 13,77,10,7,20,26,27,37,31,29,20,27,19,12,25,22,7,13,14,8,-3,17,11,20,20,50,-1,29,8,15,-14,17,12,23,19,16,19,103,0,0,-45,0,0,0,-17,7,0,43,32,114,105,108,127,122,102,274,267,262,256,379,327,243,266,247,247,741,722]} 1. Nf3 Nf6 2. g3 b6 3. Bg2 Bb7 4. O-O g6 5. c4 Bg7 6. d4 O-O 7. d5 Ne4 {LiveBook: 37 Games. A50: Queen's Fianchetto Defence (1 d4 Nf6 2 c4 b6)} (7... c5 8. Nc3 d6 9. e4 Nbd7 10. h3 b5 11. cxb5 a6 12. bxa6 Bxa6 13. Re1 Ne8 14. Bf4 h6 15. Qc2 g5 16. Bd2 Rb8 17. Nd1 e6 {0-1 (71) Idani,P (2569)-Mamedov,R (2680) Abu Dhabi 2017}) 8. Nfd2 Nxd2 $146 ({Find the theoretical novelty and annotate with similar games:} 8... Nd6 9. e4 Na6 10. Nc3 Nc5 11. Qc2 c6 12. dxc6 Bxc6 13. Re1 Rc8 14. Rb1 b5 15. b4 {½-½ (43) Lintchevski,D (2532)-Chigaev,M (2561) Voronezh 2017}) 9. Qxd2 c6 {White has an edge.} 10. Nc3 cxd5 11. cxd5 d6 12. b3 b5 13. Bb2 Qb6 14. Ne4 Bxb2 15. Qxb2 Nd7 16. Rad1 Rfe8 17. h4 Ne5 18. h5 Bc8 19. Rd4 (19. Ng5 $14) 19... Bg4 (19... Bf5 {looks sharper.} 20. Ng5 gxh5 21. Bh3 Bxh3 22. Nxh3 Rac8) 20. hxg6 (20. Ng5 {with more complications.} Rac8 21. hxg6 hxg6 22. Nf3 Bxf3 23. exf3 Qc5 24. f4) 20... hxg6 21. f4 Bxe2 22. fxe5 dxe5 23. Qxe2 {Strongly threatening Ng5.} Qxd4+ 24. Kh2 f6 (24... Kg7 $11 {remains equal.}) 25. Qxb5 (25. d6 $16 {dxe7 is the strong threat.} Kg7 26. g4) 25... Kg7 $11 26. Nf2 Rh8+ {[%mdl 1024] Black has compensation.} 27. Kg1 Rad8 28. Rd1 Qe3 29. Qd3 $36 {[%mdl 2048] White fights for an advantage.} Qb6 30. Rc1 Rc8 (30... Qa5 $14) 31. Rc6 $16 Rxc6 32. dxc6 {[%cal Bd5c6,Bc6c7][%mdl 32]} Rd8 33. Qc3 $1 Qd4 $2 {[#]} (33... Kf7 $16) 34. Qxd4 $1 $18 exd4 35. Nd3 f5 (35... Kf7 $142 36. Nc5 d3) 36. Nc5 {aiming for Ne6+.} Kf6 {[#]} 37. c7 $1 {[%cal Rc7d8]} Rc8 38. Na6 {Threatens to win with Bb7.} d3 $2 (38... Ke6 39. Bb7 Kd7 40. Nc5+ Kxc7) 39. Kf2 {Precision: White = 60%, Black = 22%.} 1-0

[Event "FIDE World Cup 2017"]
[Site "Tbilisi"]
[Date "2017.09.03"]
[Round "1.1"]
[White "Giri, Anish"]
[Black "Dzagnidze, Nana"]
[Result "1-0"]
[WhiteElo "2777"]
[BlackElo "2519"]
[Annotator "TA"]
[PlyCount "133"]
[EventDate "2017.??.??"]
[EventType "k.o."]
[EventCountry "GEO"]
[SourceTitle "playchess.com"]
[Source "ChessBase"]
[SourceQuality "1"]

{[%evp 22,133,32,29,33,23,41,38,148,144,40,0,0,0,0,0,0,0,0,0,0,-7,0,0,0,9,35,0,0,0,0,0,6,0,66,64,62,58,59,62,62,48,116,102,116,117,121,128,116,112,120,101,164,164,145,143,129,128,126,0,73,58,64,58,57,22,25,22,22,22,22,27,57,31,86,62,69,64,161,150,137,34,33,35,27,38,177,37,34,8,173,175,193,173,29964,29961,29958,29942,6179,4656,29974,29975,29974,29975,29976,29978,29978,29978,29978,29979,29979,29980,29980,29981]} 1. c4 e5 2. Nc3 Nc6 3. Nf3 g6 4. d4 exd4 5. Nxd4 Bg7 6. Nxc6 bxc6 7. g3 Ne7 8. Bg2 O-O 9. O-O d6 10. Bg5 Be6 {A27: English Opening: Three Knights Variation} (10... Rb8 11. Qd2 f6 12. Be3 c5 13. Rad1 Be6 14. b3 Nf5 15. Bd5 Qd7 16. Bf4 g5 17. Qd3 Rf7 18. Bc1 Re8 19. e3 Bxd5 20. Nxd5 {0-1 (42) Van Wely,L (2691)-Ernst,S (2552) Wolvega 2012}) 11. Qd3 Rb8 12. b3 {LiveBook: 3 Games} c5 {White has an edge.} 13. Qd2 Qd7 14. Rad1 Nc6 $146 (14... Rbe8 $14) ({Predecessor:} 14... f6 15. Bh6 Bh3 16. Bxg7 Kxg7 17. Bxh3 Qxh3 18. Nb5 {½-½ (43) Schwetje,R-Paulsen,D GER corr 1998}) 15. Ne4 $1 $16 {[%cal Re4f6]} f6 (15... Bh3 $16) 16. Nxc5 (16. Bf4 {with more complications.} Qe8 17. Nc3 Rf7 18. Rfe1 a5 19. Bh6) 16... dxc5 17. Qxd7 Bxd7 18. Rxd7 {Bd2 is the strong threat.} Ne5 $1 {[%cal Re5d7]} 19. Rxg7+ Kxg7 20. Be3 Nd7 21. Rd1 Rfd8 22. Rd5 Kf7 23. Bh3 Ke7 24. Bxc5+ (24. Bxd7 $5 Rxd7 25. Rxc5 $14 (25. Bxc5+ Ke6 $11)) 24... Nxc5 25. Rxc5 $14 {[%mdl 4096] Endgame KRR-KRB} Rd1+ 26. Kg2 Kd6 27. Ra5 Ra8 (27... f5 $11) 28. c5+ Ke7 29. Bg4 a6 30. Bf3 Ra7 31. b4 {And now b5 would win.} Rc1 (31... Rb1 $14) 32. Bc6 $1 $16 Rc4 33. a3 Rc3 34. f4 g5 35. fxg5 fxg5 36. Kf2 Kd8 (36... Kf6 $16 {is a better defense.}) 37. Ke1 $1 $18 Re3 38. b5 Re6 {[#]} 39. Bd5 $1 {[%cal Rd5e6]} Rh6 40. c6 (40. Ra4 $16) 40... Rf6 (40... Ke7 $11) 41. bxa6 Ke7 42. Be4 h6 43. h3 Re6 44. Bd5 Re3 45. Kf2 Rc3 46. Be4 Ke6 47. a4 Ra3 (47... Kd6 $14) 48. h4 gxh4 49. gxh4 Kf6 {[#]} (49... Kd6 $14) 50. Bd3 $1 Kg7 51. Rd5 (51. Ke3 $16) 51... Rxa4 $14 52. Rd7+ Kf6 53. Kg3 Ra3 ({Black should play} 53... h5 $1 $14) 54. Kg4 (54. Kf4 $18) 54... Ra4+ 55. Kh5 (55. e4 $5 {[%cal Rg4f4]}) 55... Ra5+ $2 (55... Ra8 $1 $11 {and Black stays safe.}) 56. Kxh6 $18 Rc5 57. Rg7 Rh5+ $2 (57... Ra8 $18) 58. Kxh5 Kxg7 {KR-KB} 59. Kg5 Ra8 60. h5 {[%cal Bh4h5,Bh5h6,Bh6h7][%mdl 32]} Rd8 61. h6+ {White mates.} Kf8 62. a7 Ra8 63. Kf6 ({Stronger than} 63. h7 Kg7 $11) 63... Kg8 64. h7+ Kh8 65. Ke7 Rxa7 66. Kd7 Kg7 67. Kc8 {Precision: White = 67%, Black = 36%.} 1-0

[Event "FIDE World Cup 2017"]
[Site "Tbilisi"]
[Date "2017.09.03"]
[Round "1.1"]
[White "Ding, Liren"]
[Black "Haddouche, Mohamed"]
[Result "1-0"]
[WhiteElo "2771"]
[BlackElo "2487"]
[Annotator "TA"]
[PlyCount "91"]
[EventDate "2017.??.??"]
[EventType "k.o."]
[EventCountry "GEO"]
[SourceTitle "playchess.com"]
[Source "ChessBase"]
[SourceQuality "1"]

{[%evp 15,91,0,0,-9,12,0,17,18,24,29,39,29,29,29,47,37,61,38,102,109,102,100,108,120,108,109,108,106,114,102,100,89,90,94,93,94,111,105,129,131,182,172,166,177,163,158,174,182,181,178,202,192,196,191,192,198,189,0,185,169,259,243,263,263,254,237,395,294,294,294,642,585,596,622,885,872,4702,2715]} 1. d4 Nf6 2. c4 g6 3. g3 c6 4. Bg2 d5 5. Nf3 Bg7 6. Qb3 Qb6 7. Nc3 O-O 8. O-O Rd8 {LiveBook: 207 Games} 9. Bd2 {D78: Fianchetto Grünfeld: 6 0-0 c6} Be6 10. Na4 Qxb3 11. axb3 {The position is equal.} Na6 $146 ({Find the theoretical novelty and annotate with similar games:} 11... Nbd7 12. Rfc1 Ne4 13. Ba5 b6 14. Be1 Rac8 15. cxd5 Bxd5 16. b4 e5 17. Nxe5 Nxe5 18. dxe5 Bxe5 19. Bxe4 Bxe4 {½-½ (43) Giri,A (2773)-So,W (2808) Wijk aan Zee 2017}) 12. Rfc1 Ne8 13. e3 h6 14. Ba5 $36 {[%mdl 2048] Black is under pressure.} Rdc8 15. Nd2 Nec7 16. Bf1 (16. Bxc7 $5 Rxc7 17. cxd5 cxd5 18. Rxc7 Nxc7 19. Nc5 $14) 16... Bd7 (16... Rcb8 $14) 17. Bxc7 $1 $16 Rxc7 18. cxd5 cxd5 19. Bxa6 $1 Rxc1+ 20. Rxc1 bxa6 21. Rc7 $1 {[%cal Rc7d7]} Bxa4 22. bxa4 {[%mdl 4096] Endgame KRB-KRN} e5 23. dxe5 Bxe5 24. Rb7 Rb8 25. Rxa7 Rb6 26. a5 Rc6 {[#]} 27. Rb7 $1 Rc2 (27... d4 $16) 28. Nf3 $18 Rxb2 {[#]} 29. Ra7 $1 Bc3 30. Rxa6 Kg7 31. Rb6 {aiming for Rxb2.} Ra2 32. a6 Ra4 33. Kg2 Ra2 34. g4 Ra4 35. Kg3 Ra3 36. Kg2 Ra4 $1 37. h3 {[%cal Bh2h3,Bh3h4,Bh4g5][%mdl 32]} Ra2 (37... d4 {might work better.} 38. Rc6 (38. Nxd4 Bxd4 39. exd4 Rxd4 $18) 38... Ba1 39. Nxd4 Bxd4) 38. h4 Ra4 39. g5 hxg5 40. hxg5 Ra2 $2 (40... Kf8 41. Rb8+ Ke7) 41. Rc6 Ra3 42. Rc7 Ba5 $2 (42... Bb4 43. a7 Bd6) 43. Rb7 {White is clearly winning.} Bc3 44. a7 Ba1 45. Nd4 Bxd4 46. exd4 {Precision: White = 84%, Black = 34%.} 1-0

[Event "FIDE World Cup 2017"]
[Site "Tbilisi"]
[Date "2017.09.03"]
[Round "1.1"]
[White "Li, Chao b"]
[Black "Krysa, Leandro"]
[Result "1/2-1/2"]
[WhiteElo "2745"]
[BlackElo "2540"]
[Annotator "TA"]
[PlyCount "226"]
[EventDate "2017.??.??"]
[EventType "k.o."]
[EventCountry "GEO"]
[SourceTitle "playchess.com"]
[Source "ChessBase"]
[SourceQuality "1"]

{[%evp 20,226,43,25,24,0,0,0,22,31,18,25,35,41,55,55,45,45,51,35,44,41,52,49,91,92,102,99,120,120,120,120,120,116,118,94,97,91,106,104,120,118,118,114,164,133,126,117,222,177,224,217,224,205,221,144,168,159,181,178,300,297,371,372,372,330,385,392,391,392,391,353,380,315,377,370,412,381,403,372,364,389,364,361,345,336,429,418,474,206,206,205,200,176,190,97,92,8,8,8,8,8,8,7,7,0,0,0,0,0,0,0,0,0,0,0,0,0,0,0,0,0,0,0,0,0,0,0,0,0,0,0,178,0,178,178,178,178,178,178,178,178,178,178,178,178,178,178,178,178,178,178,178,178,178,178,178,178,178,43,16,23,58,72,178,114,178,178,178,178,178,178,179,178,178,178,178,178,178,178,178,178,179,179,179,0,0,0,0,0,0,0,0,0,0,0,0,0,0,0,0,0,0,0,0,0,0,0,0]} 1. Nf3 d5 2. d4 Nf6 3. c4 dxc4 4. e3 Bg4 5. Bxc4 e6 6. h3 Bh5 7. Nc3 Nc6 8. O-O Bd6 9. Be2 O-O 10. Bd2 a6 11. Rc1 {LiveBook: 3 Games} Qe7 {D22: Queen's Gambit Accepted: 3 Nf3 a6 4 e3} 12. Nh4 $146 ({Find the theoretical novelty and annotate with similar games:} 12. Ne5 Bxe2 13. Nxc6 Bxd1 14. Nxe7+ Bxe7 15. Rfxd1 Rfc8 {½-½ (15) Hebden,M (2549)-Gormally,D (2506) West Bromwich 2014}) 12... Bxe2 13. Qxe2 Rad8 14. Nf3 Bb4 15. a3 Bxc3 16. Bxc3 Ne4 17. Qc2 Nxc3 18. Qxc3 Rd5 19. Rc2 Rfd8 20. Rfc1 e5 21. dxe5 Rd3 22. Qc5 Qe6 23. Qc4 Nxe5 24. Qxe6 Nxf3+ 25. gxf3 fxe6 26. Rxc7 $16 {[%mdl 4096] Endgame KRR-KRR} R8d7 27. Rc8+ Kf7 28. R1c2 R3d5 29. f4 h6 30. Kg2 Ke7 31. Kf3 Rd8 32. R8c7+ R8d7 33. h4 h5 (33... Rd1 $16 34. h5 R1d5) 34. Rc8 Rd8 35. R8c5 Kf6 36. Rc7 R8d7 37. Rc8 Rd2 38. a4 $1 {[%cal Ba3a4,Ba4a5][%mdl 32]} Rxc2 39. Rxc2 {KR-KR} g6 (39... Rd5 $142 40. Ke2 Rd6) 40. b4 $18 Ke7 41. a5 Kf6 42. Ke4 Rd5 43. Rc5 $1 {[%cal Rc5d5]} Rd7 44. Kf3 Ke7 45. Rc8 Kf6 46. Rf8+ Kg7 47. Rb8 Kf6 48. Ke4 Kf7 49. Rc8 Kf6 50. Rc5 Re7 51. Kd3 Rd7+ 52. Kc2 Rd6 53. Rc7 b6 {[#]} 54. Ra7 (54. b5 $142 $1 {[%mdl 512]}) 54... bxa5 55. bxa5 e5 56. fxe5+ Kxe5 57. Re7+ (57. f3 $18) 57... Kf5 $16 58. Kc3 (58. Rf7+ $1 $16 Ke5 59. Kb3) 58... g5 $1 $11 59. hxg5 Kxg5 60. Rg7+ Kf5 61. Rh7 Kg4 62. e4 h4 63. Kc4 {And now e5 would win.} (63. f4 $5) 63... Rf6 64. e5 Rxf2 65. Rg7+ Kf4 66. Rf7+ Kg3 67. Rxf2 Kxf2 {KPP-KPP} 68. e6 h3 69. e7 h2 70. e8=Q {Threatening mate with Qc6.} h1=Q {KQ-KQ} 71. Kc5 Qb7 72. Qc6 Qe7+ 73. Kb6 Qe2 $1 74. Ka7 Ke1 $1 75. Qxa6 Qe7+ $2 (75... Qf2+ $11 {and Black is okay.} 76. Qb6 Qf7+ 77. Qb7 Qf2+ 78. Qb6 Qf7+ 79. Qb7 Qf2+ 80. Qb6) 76. Qb7 $1 $18 {[%cal Rb7e7]} Qc5+ $2 (76... Qe3+ $1 $11 77. Qb6 Qe7+ 78. Ka6 Qe2+ 79. Kb7 Qe4+ 80. Qc6 Qb4+ 81. Ka6 Qd4 82. Qc1+ Ke2 83. Qc2+ Kf1 84. Qc1+ Ke2 85. Qc2+ Kf1) 77. Qb6 $1 {[%cal Rb6c5]} Qe7+ 78. Ka6 $1 Qe2+ 79. Kb7 Qe7+ 80. Qc7 $1 {[%cal Rc7e7]} Qe4+ 81. Qc6 Qe7+ 82. Kb6 Qe3+ 83. Qc5 Qe6+ 84. Kb5 Qe2+ 85. Ka4 Qa2+ 86. Qa3 Qc2+ 87. Qb3 $1 {[%cal Rb3c2]} Qc6+ 88. Ka3 $1 Ke2 89. Kb2 Kd2 90. Qb4+ Kd3 $1 91. Ka3 {Threatens to win with Qb6.} Ke2 (91... Qc8 $16 92. Ka4 Kc2 93. Qe4+ Kd2 94. Qd4+ Ke2) 92. Kb3 ({White should play} 92. Qb2+ $18 Kf1 93. Qd4) 92... Qf3+ (92... Kd3 $16 93. Ka3 Qc8) 93. Qc3 Qb7+ 94. Ka3 Qa6 95. Qb2+ Kd3 96. Qb6 Qc8 97. a6 Qc1+ {[#]} 98. Ka2 $1 {Qb1+ would kill now.} Qc2+ 99. Qb2 {Strongly threatening Qxc2+.} Qc7 100. Qb5+ Kc3 {[#]} 101. Qb3+ $1 Kd4 102. Qa4+ $2 (102. Kb2 $18) 102... Kc3 $11 {( -> ...Qh2+). The position is equal.} 103. Qb5 (103. a7 $2 {gets mated.} Qh2+ 104. Qc2+ Qxc2+ 105. Ka3 Qb3#) ({Not} 103. Qa3+ Kd4 $18) (103. Ka1 $5 {[%cal Ra4a3]} Qc5 104. Qa2 $11 (104. a7 {leads to mate.} Qg1+ 105. Qd1 Qxd1+ 106. Ka2 Qc2+ 107. Ka3 Qb3#)) 103... Qh2+ 104. Ka3 Qd6+ 105. Ka4 Qd4+ 106. Ka5 {aiming for Qc6+.} Qd8+ 107. Qb6 Qd5+ 108. Qb5 Qd8+ 109. Ka4 Qd1+ 110. Ka5 Qd8+ 111. Qb6 Qd5+ 112. Ka4 Qa2+ 113. Kb5 {Intending Qe3+ and mate.} Qc4+ {Precision: White = 72%, Black = 54%.} 1/2-1/2

[Event "FIDE World Cup 2017"]
[Site "Tbilisi"]
[Date "2017.09.03"]
[Round "1.1"]
[White "Radjabov, Teimour"]
[Black "Ziska, Helgi Dam"]
[Result "1/2-1/2"]
[WhiteElo "2742"]
[BlackElo "2545"]
[Annotator "TA"]
[PlyCount "33"]
[EventDate "2017.??.??"]
[EventType "k.o."]
[EventCountry "GEO"]
[SourceTitle "playchess.com"]
[Source "ChessBase"]
[SourceQuality "1"]

{[%evp 22,29,43,55,49,57,43,7,0,-43]} 1. d4 Nf6 2. c4 g6 3. Nc3 Bg7 4. e4 d6 5. Nf3 {[%cal Bg1f3,Bf3h2,Bh2g4,Bg4h6][%mdl 32]} O-O 6. h3 e5 7. d5 Nh5 8. g3 {E90: King's Indian: Classical: Early deviations and 6 h3} a5 9. Be2 Na6 10. Nh2 Nf6 {[%cal Bh5f6,Bf6d7,Bd7c5][%mdl 32]} 11. Ng4 Nd7 12. Nh6+ {LiveBook: 10 Games} Kh8 13. h4 $1 Ndc5 14. g4 f5 15. h5 {[#]} {Predecessor:} f4 $146 16. hxg6 Bxh6 17. Rxh6 {½-½ (77) Krasenkow,M (2614)-Kovalenko,I (2667) Warsaw 2016} 1/2-1/2